00611cam a2200193 a 4500003000400000005001700004008004100021020002200062040002400084082001700108110001600125245005100141260008300192300004400275490002000319650001600339650004400355650001800399INP20260622095701.0970805s1997 dcuab fr i000 0 eng d a0821340409 (pbk.) aEG-INPcEG-INPbeng04a390221bh e2 aWorld Bank.10aHealth, nutrition & population / cWorld Bank. aWashington, D.C. :bHuman Development Network of the World Bank Group,cc1997. a97 p. :bcol. ill., col. maps ;c28 cm. aSector strategy 0aSocial life 0aNutrition policyzDeveloping countries. 0aWorld health.